000 00837nam a2200241 u 4500
999 _c7946
_d7946
001 991061179176606706
003 OSt
005 20241010180858.0
008 241002s2024 spc r 000 0 spa d
017 _aDL B4371-2024
_bBiblioteca de Catalunya
020 _a9788418604416
040 _aES-BaUAB
_bcat
_erda
_cCDMR
100 1 _aGiner, Juan Antonio
_91748
245 1 3 _aLa edad de oro del periodismo /
_cJuan Antonio Giner
264 1 _aBarcelona :
_bLibros de Vanguardia,
_c2024
300 _a254 pàgines ;
_c23 cm
505 _aRecull d'articles publicats per l'autor al diari La Vanguardia entre desembre de 2020 i maig de 2024, més alguns articles publicats en altres mitjans
650 7 _aPeriodisme
_xHistòria.
_2lemac
650 0 _aPeriodistes
_93074
_vBiografia
908 _aUAB
940 _aUAB
942 _2udc
_cMON